| 000 | 00000cam 2200000zi 4500 |
| 001 | 9.958244 |
| 003 | CaOODSP |
| 005 | 20251212114349 |
| 006 | m o d f |
| 007 | cr |n||||||||| |
| 008 | 251212e20250919onc obs f|0| 0 fre d |
| 040 | |aCaOODSP|bfre|erda|cCaOODSP |
| 043 | |an-cn--- |
| 086 | 1 |aCS45-20-0004/2025-2F-PDF |
| 245 | 00|aProfils du commerce au Canada rural métadonnées et guide à l’usager, 2024. |
| 264 | 1|a[Ottawa] : |bStatistique Canada = Statistics Canada, |cle 19 septembre 2025. |
| 264 | 4|c©2025 |
| 300 | |a1 ressource en ligne (7 pages). |
| 336 | |atexte|btxt|2rdacontent/fre |
| 337 | |ainformatique|bc|2rdamedia/fre |
| 338 | |aressource en ligne|bcr|2rdacarrier/fre |
| 490 | 1 |aStatistiques rurales du Canada |
| 500 | |aPublié aussi en anglais sous le titre : Rural Canada trade profiles metadata and user guide, 2024. |
| 500 | |a« Date de diffusion : le 19 septembre 2025. » |
| 504 | |aComprend des références bibliographiques. |
| 520 | |a« Les Profils du commerce au Canada rural (PCCR) est une base de données qui fournit le nombre d’établissements exportateurs et importateurs de biens, ainsi que la valeur des échanges. Les données proviennent desprogrammes Commerce selon les caractéristiques des exportateurs (CCE) - Biens et Commerce selon les caractéristiques des importateurs (CCI) – Biens de Statistique Canada. La base de données PCCR comprend des tableaux de données sur les activités et les caractéristiques d’exportation et d’importation, organisés selon l’indicateur d’emplacement (région rurale et petite ville ou région urbaine fonctionnelle). Les niveaux géographiques comprennent le Canada, les provinces et les territoires (regroupés) »--page 3. |
| 650 | 6|aCommerce|zCanada|vStatistiques. |
| 650 | 6|aIndustrie rurale|zCanada|vBases de données. |
| 655 | 7|aStatistiques|2rvmgf |
| 710 | 2 |aStatistique Canada, |eorganisme de publication. |
| 775 | 08|tRural Canada trade profiles metadata and user guide, 2024.|w(CaOODSP)9.958243 |
| 830 | #0|aStatistiques rurales du Canada.|w(CaOODSP)9.944079 |
| 856 | 40|qPDF|s202 Ko|uhttps://publications.gc.ca/collections/collection_2025/statcan/45-20-0004/452000042025002-fra.pdf |
| 856 | 4 |qHTML|sN/A|uhttps://www150.statcan.gc.ca/n1/pub/45-20-0004/452000042025002-fra.htm |